Statistics for Name a First Level Subdivision By Level of Landlockedness

Click here to take the quiz!

General Stats

  • This quiz has been taken 190 times
  • The average score is 8 of 11

Answers on the Map

Answers color-coded by a green-red scale on the quiz's map according to % correct below.
 

Answer Stats

LLL# FLSSubdivisions% Correct
1756Abia, Ad Dakhiliyah, Ad Dhahirah, Adrar, Adygea, + 751 others
100%
2558Acquaviva, Acre, Adamawa, Adrar, Adıyaman, + 553 others
99%
01444Abidjan, Abkhazia, Abruzzo, Abu Dhabi, Abyan, + 1439 others
97%
3426Aargau, Adamawa, Addis Ababa, Agadez, Agstafa, + 421 others
95%
5185Abim, Adjumani, Agago, Agsu, Alba, + 180 others
90%
4275Aerodrom, Agdash, Akmola, Almaty, Amudat, + 270 others
88%
750Apac, Baku, Budaka, Buhweju, Bunyangabu, + 45 others
84%
680Absheron, Agdam, Aghjabadi, Alebtong, Amuria, + 75 others
80%
911Bugweri, Buikwe, Butambala, Gomba, Jinja, + 6 others
74%
822Amolatar, Bugiri, Bukomansimbi, Busia, Iganga, + 17 others
10%
2Buvuma, Kalangala
4%

Score Distribution

Percentile by Number Answered

Percent of People with Each Score

Your Score History

You have not taken this quiz